000 00330nam a22001457a 4500
008 210311b ||||| |||| 00| 0 eng d
020 _a9780136088219
041 _aeng
080 _26th
_a338
082 _a338
100 _a53
101 _aMEN
245 _aModern Systems Analysis and Design
_cHoffer,J.A
942 _2udc
_cBK
999 _c56281
_d56281